| 000 | 00360 a2200157 4500 | ||
|---|---|---|---|
| 001 | 191829 | ||
| 020 | _a978-85-254-0686-6 | ||
| 040 | _cMagnum | ||
| 100 | _aDias, Antonio Gonçalves | ||
| 240 | 1 | 0 |
_aI-juca-pirama e os timbiras _lpor |
| 245 | 1 | 0 | _aI-juca-pirama e os timbiras |
| 300 | _a112 | ||
| 362 | 0 | _a2016 | |
| 697 | _aLITERATURA GERAL | ||
| 942 | _cBK | ||
| 999 |
_c191829 _d191829 |
||